000
00228nam a2200109Ia 4500
100
_a
Rampaul/Hoobasar
650
_a
Chemistry
942
_c
BK
245
_a
Pipe Welding Procedures
260
_b
Industrial Press
300
_a
238
999
_c
33061
_d
33061